| 000 -LEADER |
| fixed length control field |
00310nam a22001097a 4500 |
| 008 - FIXED-LENGTH DATA ELEMENTS--GENERAL INFORMATION |
| fixed length control field |
181231b ||||| |||| 00| 0 eng d |
| 100 ## - MAIN ENTRY--AUTHOR'S NAME |
| Author's Name |
Kyle, Robert |
| 245 ## - TITLE STATEMENT |
| Title |
Medicine and stamps (vol 1 1970) |
| 260 ## - PUBLICATION, DISTRIBUTION, ETC. (IMPRINT) |
| Name of publisher, distributor, etc. |
American Medical Associaton |
| Date of publication, distribution, etc. |
1970 |
| 650 ## - TOPICAL TERM (Tag) |
| Topical term or geographic name |
Topical Collecting -- Medicine |
| 700 ## - SECONDARY AUTHOR, EDITOR OR ILLUSTRATOR |
| Personal Name |
Shampo, Marc |